Anl̀isis de eficiencia de los departamentos universitarios el caso de la universidad de Sevilla /

Detalles Bibliográficos
Autor principal: Asis De̕z Martn̕, Francisco de
Formato: Desconocido
Lenguaje:español
Publicado: Madrid : Dykinson, 2007
Materias:
Acceso en línea:Acceso restringido

MARC

LEADER 00000ny a22000003n 4500
005 20110617122852.0
006 m u
007 cr cn|||||||||
008 200807r2007 sp |||||s|||||||||||spa d
020 |a 9788498490077 
035 |a 2439 
040 |a FlNmELB  |c FlNmELB  |d vlex 
050 1 4 |a LA918  |b A833 2007eb 
080 |a 378 
090 |c 1410  |d 1410 
100 1 |a Asis De̕z Martn̕, Francisco de 
245 1 0 |a Anl̀isis de eficiencia de los departamentos universitarios  |h [Recurso electrn̤ico]  |b el caso de la universidad de Sevilla /  |c Francisco de Asis De̕z Martn̕ 
256 |a Servicio en ln̕ea 
260 |a Madrid :  |b Dykinson,  |c 2007 
300 |a 1-158 p 
506 1 |a Contenido solo disponible en los productos indicados  |d vLex Global  |d vLex Global (Academic Edition, excluding Law Schools)  |d vLex Global (U.S. Academic Edition, Law Schools)  |d vLex Global (U.S. Academic Edition, excluding Law Schools)  |d vLex Global (Academic Edition, Law Schools) 
650 0 7 |2 Tesauro vLex  |a Educacin̤ 
650 0 7 |2 Tesauro vLex  |a Departamentos 
650 0 7 |2 Tesauro vLex  |a Universidades 
740 0 |a vLex Libros (Servicios en ln̕ea) 
856 4 0 |z Acceso restringido  |u http://vlex.com/source/2439 
942 |c BOOK